| 000 | 00420cam a2200169ua 4500 | ||
|---|---|---|---|
| 020 | _c4.00 | ||
| 041 |
_aeng _h |
||
| 082 |
_a658.31124 _bKHA/SE |
||
| 100 | _aKhanna, O.P . | ||
| 245 |
_aServices selection board Interviews / _cO.P.Khanna. _hTextual Documents |
||
| 260 |
_a : _bKhanna Brothers Publishers , _c1967. |
||
| 300 | _a295 ; . | ||
| 365 | _a4.00 | ||
| 504 | _a | ||
| 942 | _cBK | ||
| 999 |
_c1097 _d1097 |
||